000 00343nam a2200145Ia 4500
005 20251222152041.0
008 251222s9999||||xx |||||||||||||| ||spa||
020 _a9789681853051
082 _a576.5/G25
100 _aGardner, Eldon John
245 0 _aPrincipios de genética
250 _a4a.ed.
264 _bLimusa Wiley
942 _cLIB
999 _c26057
_d26057